01064nam a22003011 4500001001100000003000900011005001700020007001100037008002900048020001500077035000600092040002500098082002700123100002400150240003600174245020700210250001300417260003700430300003700467650003600504650002700540650003300567650002600600700005100626700004000677700002300717700002200740 001008756DO-SdBPM20250407084935.0 001008756920725s2006 mx spa  a9701006732 a  aDO-SdBPMbspacBPMSU 4a658.81bA545a 20062221 a Anderson, Rolph E.10a Professional sales managemnet.10aAdministración de ventas / h cRolph E. Anderson, Joseph F. Hair, Alan J. Bush ; traducción María Guadalupe Cevallos Almada, Julia Cevallos Almada ; revisión técnica Ezequiel Teyssier Mont.  a2a. ed.  aMéxico : bMCGrawHil, c2006 axviii, 688 p. : bil. ; c26 cm. 4a Administración de ventas.2  4aPromoción de ventas. 4aVendedores y arte de vender. 7aTécnicas de ventas.1 a Ceballos Almada, María Guadalupeetraductor1 aCevallos Almada, Julia etraductor 1 aHair, Joseph F.e 1 a Bush, Alan J.e